000 00532nam a2200205Ia 4500
003 OSt
005 20220926040425.0
006 a|||||r|||| 00| 0
007 ta
008 220923b |||||||| |||| 00| 0 eng d
037 _cGeneral Book
040 _aRTL
_cRTL
_beng
041 _2eng
_aeng
082 _aXv1.N6, K3
100 _aMenger Carl
_9122024
245 0 _aProblems of economics and sociology. Ed. by Louis
260 _c1963
942 _hXv1.N6, K3
_cGB
_2CC
999 _c664750
_d664750